| 000 | 00358nam a2200145Ia 4500 | ||
|---|---|---|---|
| 008 | 191201s2002 xx 000 0 und d | ||
| 082 |
_a005.133 _bLAO |
||
| 100 | _aLafore, Robert | ||
| 245 | 0 | _aObject Oriented Programming in C++ | |
| 250 | _a4th Rep | ||
| 260 |
_aN. delhi _bpearson _c2002 |
||
| 300 | _a1012 | ||
| 650 | _aB.Tech(CSE) | ||
| 942 |
_2ddc _cBK _026 |
||
| 999 |
_c4431 _d4431 |
||